Repercusión social de las reformas judiciales /
Guardado en:
| Hovedforfatter: | |
|---|---|
| Format: | Texto |
| Fag: | |
| Tags: |
Tilføj Tag
Ingen Tags, Vær først til at tagge denne postø!
|
MARC
| LEADER | 00000 a a2200000 04500 | ||
|---|---|---|---|
| 001 | 44802 | ||
| 003 | |||
| 040 | |||
| 100 | |a Cisa, Agustín | ||
| 245 | |a Repercusión social de las reformas judiciales / |c Agustín Cisa | ||
| 650 | |a ADMINISTRACION DE JUSTICIA | ||
| 650 | |a REFORMAS | ||
| 650 | |a PODER JUDICIAL | ||
| 773 | |g páginas 323-334 | ||
| 999 | |c 22779 |d 22779 | ||
